000 00190nam a2200085Ia 4500
008 120527s9999 xx 000 0 und d
100 _aMOMAH, Sam
245 _aTechnology is Power
942 _cBK
999 _c25337
_d25337